000 00452nam a2200145Ia 4500
008 230917s9999||||xx |||||||||||||| ||und||
040 _e172748
_aMAIN
041 _aEnglish
082 _a891.433721 GM181C
100 _aगर्ग, मृदुला
245 0 _aचित्तकोबरा
260 _aनई दिल्ली
_bनेशनाल पब्लिशिंग हाउस
_c1980
300 _a175 पृ. p.
942 _cHN
999 _c176934
_d176934